000 00961nam a22003011i 4500
001 016609513
003 EG-ScBUE
005 20230925103452.0
008 131203s2014 enka f b 001 0 eng d
020 _a9781849940856 (pbk.)
040 _aStDuBDS
_beng
_erda
_cStDuBDS
_dUk
_dEG-ScBUE
082 0 4 _a746.92
_222
_bKIP
100 1 _aKiper, Anna,
_eauthor.
245 1 0 _aFashion portfolio :
_bdesign and presentation /
_cAnna Kiper.
264 1 _aLondon :
_bBatsford,
_c2014.
300 _a224 pages :
_billustrations (colour) ;
_c28 cm
336 _atext
_2rdacontent
_btxt
336 _astill image
_2rdacontent
_btxt
337 _aunmediated
_2rdamedia
_bn
338 _avolume
_2rdacarrier
_bnc
504 _aIncludes bibliographical references and index.
650 7 _aFashion design.
_2BUEsh
650 7 _aFashion drawing.
_2BUEsh
650 7 _aArt portfolios.
_2BUEsh
653 _cSeptember2023
_bART
_2FD
655 _vReading book
942 _2ddc
_cBB
999 _c30576
_d30547